000 00792nam a2200241 a 4500
001 64185
003 BD-RjUL
005 20211209081259.0
008 170209s1931 nyu b 000 0 eng
035 _a(BD-RjUL)64315
040 _aDLC
_cDLC
_dBD-RjUL
_beng
041 _aeng
082 0 0 _a301
_223
_bCAM 1931
100 1 _aCalverton, V. F.
_q(Victor Francis),
_d1900-1940,
_9190607
245 1 4 _aThe making of man :
_ban outline of anthropology /
_cedited by V. F. Calverton.
260 _aNew York :
_bThe Modern library,
_c1931
300 _axv, 879 p. ;
_c17 cm.
490 0 _aThe Modern library of the world's best books
504 _aBibliography: p. [873]-879.
650 0 _aAnthropology.
_9170297
830 _aThe Modern library of the world's best books
_9188504
942 _2ddc
_cBK
999 _c64185
_d64185